| 000 | 01218pam a2200169 a 4500 | ||
|---|---|---|---|
| 999 |
_c4559 _d4559 |
||
| 020 | _a0023704624 (pbk.) | ||
| 050 | 0 | 0 |
_aHD62.37 _b.L48 |
| 100 | 1 | _aLevy, Nino S. | |
| 245 | 1 | 0 |
_aManaging high technology and innovation / _cNino S. Levy. |
| 260 |
_aUpper Saddle River, N.J. : _bPearson Education Co., _cc1998. |
||
| 300 |
_axiv, 274 p. : _bill. ; _c24 cm. |
||
| 500 | _aIncludes index | ||
| 505 | _aChapter 1. Introduction -- Chapter 2. Critical Factors for Success -- Chapter 3. Creating a Favorable Environment for Inventors -- Chapter 4. Minimizing the Research and Development (R & D) Cycle -- Chapter 5. Organizing for Smooth Transition from Research and Development to Production -- Chapter 6. Problems with Managing Multiproduct Organizations -- Chapter 7. Marketing of High Technology, People, Strategies, and Timing -- Chapter 8. Global High-Technology Market -- Chapter 9. Growing in High-Technology by Acquisitions -- Chapter 10. Organizing Strong Product Support -- Chapter 11. How to Keep Ahead of Competition and Perpetuate Success -- Chapter 12. Case Study: Compaq at the Crossroads. | ||
| 650 | 0 |
_aHigh technology industries _xManagement. |
|
| 650 | 0 | _aTechnological innovations. | |
| 942 | _cBK | ||